Plats avec des Œufs - Mort Subite - Statistiques

Statistiques générales
  • Ce quiz a été pris 358 fois
  • Le résultat moyen est 8 sur 16
Answers on the Grid
Answers color-coded by a green-red scale on the quiz's grid according to % correct below.
Tamagoyaki
Okonomiyaki
Spaghetti alla carbonara
Œufs en meurette / Œufs en matelote
Pain perdu / Pain doré
Soufflé aux épinards
Quiche lorraine
Île flottante
Croque-madame
Tortilla de patatas / Tortilla espagnole
Caviar
Chakchouka
Tokneneng / Kwek-kwek
Nargesi kebab
Pastel de nata
Salade niçoise
Tortilla mexicaine
Salade grecque
Sorbet à la fraise
Soupe au nid de martinet
Fårikål
Kakigōri
Jambon-beurre
Salade caprese
Taboulé
Guacamole
Mesclun
Caviar d'aubergine
 
Statistiques - réponses
Réponse % Correct
Quiche lorraine
79%
Œufs en meurette / Œufs en matelote
77%
Île flottante
76%
Croque-madame
71%
Spaghetti alla carbonara
67%
Pain perdu / Pain doré
64%
Tortilla de patatas / Tortilla espagnole
63%
Pastel de nata
60%
Salade niçoise
49%
Chakchouka
47%
Soufflé aux épinards
45%
Caviar
20%
Tamagoyaki
20%
Okonomiyaki
19%
Tokneneng / Kwek-kwek
12%
Nargesi kebab
8%
Aucun quiz correspondant
Distribution des résultats
% des personnes avec chaque résultat
Percentile par nombre de réponses
Votre historique - résultats
Vous n’avez pas pris ce quiz